Squid Game - Statistiken

Allgemein
  • Dieses Quiz wurde 366 mal gespielt
  • Das Durchschnittsergebnis liegt bei 11 aus 15
Antwortstatistiken
Hint Antwort % Korrekt
Die bewaffneten Soldaten tragen die Farbe ___ pink
99%
Die Hauptfigur Gi-hun trägt die Nummer 456 und freundet sich zu Beginn mit einem alten Mann Oh ll-nam an, der die Nummer ___ trägt. 1
98%
Dabei werden insgesamt ___ (Zahl) verschiedene Spiele gespielt. 6
97%
2. Form: ___ Dreieck
97%
Deren Masken sind mit drei verschiedenen Formen bemalt: 1. Form: ___ Kreis
97%
Es werden ___ (Zahl) Teilnehmer an einen geheimen Ort gebracht, wo sie von maskiertem, bewaffnetem Personal angewiesen werden. 456
91%
Gespielt wird um ein Preisgeld in Höhe von __,_ Milliarden Won (Koreanische Währung). 45,6
91%
3. Form: ___ Quadrat
88%
Das erste Spiel trägt den Titel: ___. Rotes Licht, grünes Licht
82%
Während der Spiele schafft es ein Polizeibeamter, dessen ___ die gleiche Einladung wie Gi-hun erhielt und verschollen ist, auf die Insel. Bruder
71%
Während der Spiele, werden die ___ eingeladen, die maskiert den Verlauf der weiteren Spiele verfolgen. VIP's
67%
Am Ende stellt sich heraus, dass Oh ll-nam (Nummer 1) der Gastgeber der Organisation ist und auf Grund eines Hirntumors an ____ (Feiertag) stirbt. Weihnachten
54%
Bevor der Polizist fliehen kann, wird er vom "____", der sich als sein Bruder offenbart, gestellt und erschossen. Frontman
48%
Nummer 456 lernt weitere Teilnehmer kennen, unter anderem Nummer 199 mit dem Namen ___. Ali
41%
Im Finale stehen sich Gi-hun und Cho Sang-woo (Nummer ___) gegenüber, wobei Ersterer gewinnt. 218
26%
Keine übereinstimmenden Quizze gefunden
Verteilung der Resultate
Anzahl Personen mit jedem Resultat
Perzentil nach korrekt beantworteten Fragen
Ihre Resultats-Entwicklung
Sie haben dieses Quiz noch nicht gespielt